Farmakoterapia príznakov menopauzy

Bibliographic Details
Main Author: Fait, Tomáš, 1971- (Author)
Format: Article
Language:Slovak
PhysicalDescription:Tab.
ISSN:1336-3239
Subjects:

MARC

LEADER 00000nab a2200000 a 4500
001 vtls008952847
003 SK-MaSNL
005 20260304145426.0
008 250505c2006 xo fr|p|||||||000 b|slo
015 |a SNBRB2007/02 
035 |a (sysno)vtls008952847 
035 |a urn:nbn:sk:snk-ab7d5t 
035 |a (uuid)5f7ba0f4-9861-4f5f-a17c-80152e64c207 
035 |a (urnnbn)urn:nbn:sk:snk:ar-a07lqd 
038 |a SNKBUCL 
040 |a SNKBUCL  |b slo  |c SNKBUCL  |e AACR2 
041 0 |a slo 
044 |a xo  |c SK 
080 |a 615.35:615.322  |2 2001 
080 |a 618.173-085  |2 2001 
080 |a 615.322  |2 2001 
100 1 |a Fait, Tomáš,  |d 1971-  |4 aut  |9 116208 
245 1 0 |a Farmakoterapia príznakov menopauzy  |c Tomáš Fait 
300 |b Tab. 
650 0 7 |a menopauza  |x farmakoterapia  |2 snkbucl  |9 1468221 
650 0 7 |a hormonálna substitučná terapia  |2 snkbucl  |9 29241 
650 0 7 |a fytoestrogény  |2 snkbucl  |9 14272 
650 0 7 |a klimaktérium  |2 snkbucl  |9 2504 
773 0 |t Medinews  |g Roč. 4, č. 2 (2006), s. 12-13  |x 1336-3239 
850 |a Slovenská národná knižnica 
852 |a Slovenská národná knižnica 
954 |a odborná, vedecká literatúra pôvodná (slovenská)  |2 lita 
958 |a article2022 
958 |a OND 
958 |a MI 
958 |a EUIPO 
999 |c 2935546  |d 2937476